| 000 | 03197cam a2200421 4500500 | ||
|---|---|---|---|
| 005 | 20251228051821.0 | ||
| 041 | _afre | ||
| 042 | _adc | ||
| 100 | 1 | 0 |
_aJolivet, Simon _eauthor |
| 700 | 1 | 0 |
_aMalet-Vigneaux, Julie _eauthor |
| 245 | 0 | 0 | _aLa Charte de l’environnement devant les juges administratif et judiciaire (juillet 2021 – juin 2022) |
| 260 | _c2022. | ||
| 500 | _a77 | ||
| 520 | _aCette chronique couvre la période allant de juillet 2021 à juin 2022. Le Conseil d’État n’a une nouvelle fois rendu aucun arrêt de principe majeur, même si on notera une nouvelle annulation contentieuse fondée sur le principe de précaution. Mais la période est surtout marquée par un grand nombre de décisions de non-renvoi de QPC (questions prioritaires de constitutionnalité) liées à la Charte de l’environnement, qui posent encore et toujours la question des limites de l’office du juge du filtre. La Cour de cassation quant à elle n’a rendu qu’un seul arrêt sur la période couverte, indirectement lié à la protection environnementale. Il s’agit d’une décision de non-renvoi d’une QPC dans laquelle les articles de la Charte sont invoqués à titre presque anecdotique. | ||
| 520 | _aThis column deals with the case-law relating to the French environmental Charter before the Council of State and the Court of cassation over the last twelve months (July 2021 – June 2022). The Council of State has once again not issued any major decisions of principle, even if we note a new contentious annulment based on the precautionary principle. But the period was marked above all by a large number of decisions not to refer QPCs (preliminary rulings on constitutionality) related to the Charter of the Environment, which still raise the question of the limits of the filter judge’s office. The Court of cassation, on the other hand, has only issued one decision over the period covered, indirectly related to environmental protection. This was a decision not to refer a QPC in which the articles of the Charter were invoked almost anecdotally. | ||
| 690 | _aCharte de l’environnement | ||
| 690 | _aConseil d’État | ||
| 690 | _aCour de cassation | ||
| 690 | _adevoir de préservation de l’environnement | ||
| 690 | _adevoir de prévention | ||
| 690 | _adroit à la participation | ||
| 690 | _adroit à un environnement équilibré et respectueux de la santé | ||
| 690 | _aprincipe de conciliation | ||
| 690 | _aprincipe de précaution | ||
| 690 | _aquestion prioritaire de constitutionnalité | ||
| 690 | _aCouncil of State | ||
| 690 | _aCourt of cassation | ||
| 690 | _aduty of prevention | ||
| 690 | _aduty to protect the environment | ||
| 690 | _aenvironmental Charter | ||
| 690 | _aprecautionary principle | ||
| 690 | _apreliminary ruling on constitutionality | ||
| 690 | _aprinciple of conciliation | ||
| 690 | _aright to a healthy environment | ||
| 690 | _aright to participation | ||
| 786 | 0 | _nRevue juridique de l’environnement | Volume 47 | 4 | 2022-12-06 | p. 841-855 | 0397-0299 | |
| 856 | 4 | 1 | _uhttps://droit.cairn.info/revue-juridique-de-l-environnement-2022-4-page-841?lang=fr&redirect-ssocas=7080 |
| 999 |
_c1582402 _d1582402 |
||